| 000 | 00673nam a2200217 a 4500 | ||
|---|---|---|---|
| 005 | 20251028063936.0 | ||
| 008 | 991125s1989 mx 000 0 spa u | ||
| 020 | _a9682925290 | ||
| 035 | _aUPN01000014952 | ||
| 049 | _aLT | ||
| 050 | 4 |
_aLB1589 M6 _bM36 LE |
|
| 245 | 0 | 0 |
_aDialogar y descubrir : _bmanual del instructor comunitario, juegos / _cDavid Block ... [et al.]. |
| 260 |
_aMéxico : _bCONAFE : _bDIE, _c1989. |
||
| 300 |
_a71 p. : _bil. |
||
| 650 | 4 |
_aEducación rural _99764 |
|
| 650 | 4 |
_aJUEGOS DE ESTRATEGIA (MATEMATICAS) _96054 |
|
| 650 | 4 |
_aJuegos educativos _93952 |
|
| 700 | 1 |
_aBlock Sevilla, David _ecoaut. _932624 |
|
| 905 | _aLibro | ||
| 999 |
_c14952 _d14952 |
||